| 000 | 00783nam a22002897a 4500 | ||
|---|---|---|---|
| 001 | 0000022 | ||
| 003 | KOHA_MİRAKIL | ||
| 005 | 20260207001156.0 | ||
| 007 | ta | ||
| 008 | 081212b2005 tu |||gr||||#0|||0|tur | | ||
| 020 |
_a9758969412 _c15,19 |
||
| 040 |
_aTR-BiSEU _btur _cTR-BiSEU _erda |
||
| 041 | 0 | _atur | |
| 044 | _ctu | ||
| 050 |
_aRA784 _b.E73 2005 |
||
| 100 | 1 | _aErdoğan, Samiye. | |
| 245 | 1 |
_aBeslenme ve besin teknolojisi/ _cSamiye Erdoğan ; Samiye Erdoğan. |
|
| 264 | 1 |
_aAnkara : _bDetay Yayıncılık _c2005 |
|
| 300 | _a464 sayfa | ||
| 336 |
_ametin _btxt _2rdacontent |
||
| 337 |
_aaracısız _bn _2rdamedia |
||
| 338 |
_acilt _bnc _2rdacarrier |
||
| 650 | 0 |
_aBeslenme. _91530 |
|
| 650 | 0 |
_aBesin teknolojisi. _91531 |
|
| 907 | _aSağlık | ||
| 942 |
_2lcc _cBK |
||
| 999 |
_c23 _d23 |
||